Sustainable Economic Development of Slovakia: Factors Determining Optimal Tax Collection

Výskum, založený na existujúcich, funkčných organizačných štruktúrach a systémoch finančnej správy Slovenska. Východiskom predpokladu pre trvalo udržateľný rozvoj je nevyhnutné zlepšiť efektívnosť systému optimálneho výberu daní slovenského sociálno-ekonomického systému, ako takého.

Salvato in:
Dettagli Bibliografici
Autore principale: Dobrovič, Ján
Altri autori: Korauš, Antonín, Dančišinová, Lucia
Natura: Capitolo di libro
Lingua:inglese
Soggetti:
Tags: Aggiungi Tag
Nessun Tag, puoi essere il primo ad aggiungerne!!

MARC

LEADER 00000nla a2200000 4500
001 0246116
005 20221031112000.1
041 0 |a eng 
044 |a LT 
245 1 0 |a Sustainable Economic Development of Slovakia: Factors Determining Optimal Tax Collection  |c Ján Dobrovič, Anton Korauš, Lucia Dančišinová 
520 |a Výskum, založený na existujúcich, funkčných organizačných štruktúrach a systémoch finančnej správy Slovenska. Východiskom predpokladu pre trvalo udržateľný rozvoj je nevyhnutné zlepšiť efektívnosť systému optimálneho výberu daní slovenského sociálno-ekonomického systému, ako takého. 
610 2 0 |a dane 
610 2 0 |a reformy 
610 2 0 |a reformy daňové 
610 2 0 |a správa daňová 
610 2 0 |a efektívnosť 
610 2 0 |a manažment 
610 2 0 |a manažment informačný operatívny 
100 1 |a Dobrovič, Ján 
700 1 |a Korauš, Antonín 
700 1 |a Dančišinová, Lucia